Le Tribunal Révolutionnaire (Record no. 809)

MARC details
000 -CABECERA
campo de control de longitud fija 00757nam a2200229 a 4500
001 - NÚMERO DE CONTROL
campo de control BRCA_918
005 - FECHA Y HORA DE LA ÚLTIMA TRANSACCIÓN
campo de control 20190320203215.0
008 - DATOS DE LONGITUD FIJA--INFORMACIÓN GENERAL
campo de control de longitud fija 140408s1910----fr-aecaf##---#000-i#fre-#
041 ## - CÓDIGO DE LENGUA
Código de lengua del texto/banda sonora o título independiente fre
044 ## - CÓDIGO DEL PAÍS DE LA ENTIDAD EDITORA/PRODUCTORA
Código MARC del país fr
050 #4 - SIGNATURA TOPOGRÁFICA DE LA BIBLIOTECA DEL CONGRESO
Número de clasificación DC183
Número de documento/Ítem .L46 1910
100 1# - ENTRADA PRINCIPAL--NOMBRE DE PERSONA
Nombre de persona Lenotre, G.
Fechas asociadas al nombre 1855-1935
9 (RLIN) 3038
245 10 - MENCIÓN DE TÍTULO
Título Le Tribunal Révolutionnaire
Resto del título (1793-1795)
Mención de responsabilidad, etc. G. Lenotre.
260 ## - PUBLICACIÓN, DISTRIBUCIÓN, ETC.
Lugar de publicación, distribución, etc. París
Nombre del editor, distribuidor, etc. Perrin et Cie
Fecha de publicación, distribución, etc. 1910
300 ## - DESCRIPCIÓN FÍSICA
Extensión iii, 370 p.
Otras características físicas il.
Dimensiones 19 cm.
440 #0 - MENCIÓN DE SERIE/PUNTO DE ACCESO ADICIONAL--TÍTULO
Título Mémoires et Souvenirs sur la Révolution et L´Empire
Nombre de parte o sección de la obra Publiés avec des documents inédits
9 (RLIN) 3039
500 ## - NOTA GENERAL
Nota general Colección Sonia Corcuera de Mancera
651 #4 - PUNTO DE ACCESO ADICIONAL DE MATERIA--NOMBRE GEOGRÁFICO
Nombre geográfico Francia
Subdivisión general Tribunal revolucionario
9 (RLIN) 3040
651 #4 - PUNTO DE ACCESO ADICIONAL DE MATERIA--NOMBRE GEOGRÁFICO
Nombre geográfico Francia
Subdivisión general Historia
Subdivisión cronológica Revolución, 1789-1799
9 (RLIN) 3041
902 ## - CATALOGADOR
Iniciales DSC
942 ## - ELEMENTOS DE PUNTO DE ACCESO ADICIONAL (KOHA)
Fuente del sistema de clasificación o colocación Library of Congress Classification
Tipo de ítem Koha Libros
Holdings
Estado de retiro Estado de pérdida Estado dañado No para préstamo Localización permanente Ubicación/localización actual Fecha de adquisición Total de préstamos Signatura topográfica completa Código de barras Fecha visto por última vez Precio válido a partir de Tipo de ítem Koha
El ejemplar forma parte de la colección y puede ser consultado según las políticas vigentes.       Biblioteca del Museo Franz Mayer (Rogerio Casas-Alatriste) Biblioteca del Museo Franz Mayer (Rogerio Casas-Alatriste) 26/06/2008   DC183 .L46 1910 DSC00002 22/03/2019 22/03/2019 Libros